|
|
|
|
| LEADER |
00000nam0a2200000 4500 |
| 001 |
366291 |
| 005 |
20231102011852.0 |
| 035 |
|
|
|a (RuTPU)RU\TPU\retro\23654
|
| 090 |
|
|
|a 366291
|
| 100 |
|
|
|a 20220204d1979 km y0rusy50 ca
|
| 101 |
0 |
|
|a rus
|
| 102 |
|
|
|a RU
|
| 105 |
|
|
|a ac z 000zy
|
| 200 |
1 |
|
|a Избранные речи и статьи
|f Ю. В. Андропов
|
| 210 |
|
|
|a Москва
|c Политиздат
|d 1979
|
| 215 |
|
|
|a 318 с.
|c ил.
|
| 606 |
1 |
|
|a Деятели КПСС
|x Произведения
|x После октябрьский период
|2 stltpush
|3 (RuTPU)RU\TPU\subj\9408
|9 36664
|
| 610 |
1 |
|
|a государственные деятели
|
| 610 |
1 |
|
|a политические деятели
|
| 610 |
1 |
|
|a речи
|
| 610 |
1 |
|
|a статьи
|
| 610 |
1 |
|
|a встречи
|
| 610 |
1 |
|
|a выступления
|
| 686 |
|
|
|a Ф61(2)27,012
|v LBC/SL-A
|2 rubbk
|
| 700 |
|
1 |
|a Андропов
|b Ю. В.
|c российский государственный деятель
|c генеральный секретарь ЦК КПСС
|f 1914-1984
|g Юрий Владимирович
|2 stltpush
|3 (RuTPU)RU\TPU\pers\357
|9 174
|
| 801 |
|
1 |
|a RU
|b 63413507
|c 20220204
|
| 942 |
|
|
|c BK
|